IFM Opac

Tanzania:The Economic Survey 1971-72 (Record no. 13471)

MARC details
000 -LEADER
fixed length control field 00312nam a22001217a 4500
020 ## - INTERNATIONAL STANDARD BOOK NUMBER
International Standard Book Number xxxxxxxxxx
082 ## - DEWEY DECIMAL CLASSIFICATION NUMBER
Classification number REF 330.96780212 TAN
245 ## - TITLE STATEMENT
Title Tanzania:The Economic Survey 1971-72
260 ## - PUBLICATION, DISTRIBUTION, ETC.
Place of publication, distribution, etc. Dar es Salaam
Name of publisher, distributor, etc. Government printer
Date of publication, distribution, etc. 1971
300 ## - PHYSICAL DESCRIPTION
Extent v,139p
Other physical details ill.;23cm
500 ## - GENERAL NOTE
General note Includes index
942 ## - ADDED ENTRY ELEMENTS (KOHA)
Koha item type Books

No items available.